Normal view
MARC view
- Perspective
Entry Topical Term
001 - CONTROL NUMBER
- control field: 88464
003 - CONTROL NUMBER IDENTIFIER
- control field: OSt
005 - DATE AND TIME OF LATEST TRANSACTION
- control field: 20220809075737.0
008 - FIXED-LENGTH DATA ELEMENTS
- fixed length control field: 220809|| aca||aabn | a|a d
040 ## - CATALOGING SOURCE
- Original cataloging agency: OSt
- Transcribing agency: OSt
150 ## - HEADING--TOPICAL TERM
- Topical term or geographic name entry element: Perspective
670 ## - SOURCE DATA FOUND
- Source citation: Work cat.: (OSt)48687: Damelio, Joseph 88463, Perspective Drawing Handbook, 2004